000
00425nam a22001337a 4500
003
SGT
020
_a
9788190807166
082
_a
200
_b
K11K
100
_a
कोठरी, गुलाब
245
_a
कृष्ण तत्व की वैज्ञानिकता : वेद विज्ञानं माला
260
_b
ओझा वैदिक अध्ययन
_c
2011
300
_a
527
942
_2
ddc
_c
BK
999
_c
31715
_d
31715